| 000 | 00452nam a2200157Ia 4500 | ||
|---|---|---|---|
| 008 | 160316s2006 xxu||||| |||| 00| 0 eng d | ||
| 082 |
_a341.481000 _bMER |
||
| 100 | _aMeron Theodor | ||
| 245 | _aThe humaanization of international law | ||
| 250 | _a | ||
| 260 |
_aThe Leiden _bMartinus Nijhoff Publishers _c2006 |
||
| 300 |
_a551p _b _cxv |
||
| 365 | _bRs. 12,393 | ||
| 650 | _a1. International Law 2. Humanitarian Law 3. Human Rights | ||
| 700 |
_a _a |
||
| 999 |
_c31570 _d31570 |
||